| LEADER | 00728nam a2200205 a 4500 | ||
|---|---|---|---|
| 001 | c000012906 | ||
| 003 | CARM | ||
| 005 | 19890214000000.0 | ||
| 008 | 890214s1946 enk 000 0 eng d | ||
| 019 | 1 | |a 6023353 |5 LACONCORD2021 | |
| 035 | |a (OCoLC)2485019 |5 LACONCORD2021 | ||
| 040 | |a ANL |b eng |c ANL | ||
| 082 | 0 | 4 | |a 823.912 |
| 100 | 1 | |a Myers, Elizabeth, |d 1912-1947. | |
| 245 | 1 | 0 | |a Mrs. Christopher / |c by Elizabeth Myers. |
| 260 | |a London : |b Chapman & Hall, |c 1946. | ||
| 300 | |a 238 p. ; |c 19 cm. | ||
| 852 | 8 | |b CARM |h A2:AB23G0 |i A00990 |p 0116204 |f BK | |
| 999 | f | f | |i b133722a-49e6-50f5-9926-e02e04f5931d |s 65ee6367-ca9d-50ae-a264-0960e7740a9e |
| 952 | f | f | |p Can circulate |a CAVAL |b CAVAL |c CAVAL |d CARM 1 Store |e A00990 |f A2:AB23G0 |h Other scheme |i book |m 0116204 |